| 000 | 00863cab a22002415a 4500 | ||
|---|---|---|---|
| 001 | L139892 | ||
| 008 | 070817s2007 xxk f 000 0 eng d | ||
| 035 | _a(Sirsi) u139892 | ||
| 041 | 0 | _aeng | |
| 100 | 1 | _aPearson, David | |
| 245 | 0 | 2 |
_aA practical understanding of the law _bpart six |
| 260 | _c2007 | ||
| 490 | 0 |
_aFacilities Management _v14(10) July 2007, 22-23(2) |
|
| 520 | _aLooks at the damages available to customers who purchase unsatisfactory services. Provides practical guidance on aspects of contract law. | ||
| 590 | _aka | ||
| 650 | 2 | 4 | _aCUTTER V POWELL |
| 650 | 2 | 4 | _aJACKSON V HORIZON HOLIDAYS |
| 650 | 2 | 4 | _aJARVIS V SWAN TOURS |
| 650 | 2 | 4 | _aGREAVES AND CO V BAYNHAM MEIKLE AND PARTNERS |
| 651 | 4 |
_aUnited Kingdom _y |
|
| 690 | _aMANAGEMENT-DISPUTE AVOIDANCE, MANAGEMENT AND RESOLUTION-DISPUTE MANAGEMENT AND RESOLUTION | ||
| 942 | _n0 | ||
| 999 |
_c79125 _d79125 |
||